Intellectual property rights in India: (Record no. 16108)

MARC details
000 -LEADER
fixed length control field 00943nam a22002297a 4500
008 - FIXED-LENGTH DATA ELEMENTS--GENERAL INFORMATION
fixed length control field 081001t xxu||||| |||| 00| 0 eng d
010 ## - LCCN (DPL NO)
LC control number ENG-91088
020 ## - INTERNATIONAL STANDARD BOOK NUMBER
International Standard Book Number 8189915878
Terms of availability 1050.00
035 ## - SYSTEM CONTROL NUMBER
System control number EN-74621
037 ## - SOURCE OF ACQUISITION
Source of stock number/acquisition DBAD / PUB
040 ## - CATALOGING SOURCE
Original cataloging agency dpl
Language of cataloging English
082 ## - DEWEY DECIMAL CLASSIFICATION NUMBER
Classification number 346.54048
245 ## - TITLE STATEMENT
Title Intellectual property rights in India:
Statement of responsibility, etc edited by Prankrishna Pal
Remainder of title general issues and implications /
260 ## - PUBLICATION, DISTRIBUTION, ETC. (IMPRINT)
Place of publication, distribution, etc New Delhi
Name of publisher, distributor, etc Regal Publications
Date of publication, distribution, etc 2008
270 ## - ADDRESS
Address F-159, Rajouri Garden,
City New Delhi
Postal code 110027
300 ## - PHYSICAL DESCRIPTION
Extent xx, 328p. .
Dimensions 24cm (Hb)
500 ## - GENERAL NOTE
General note Includes notes and bibliographical references and index
650 ## - SUBJECT ADDED ENTRY--TOPICAL TERM
Topical term or geographic name as entry element Intellectual property
Geographic subdivision India
700 ## - ADDED ENTRY--PERSONAL NAME
Personal name Pal, Prankrishna
942 ## - ADDED ENTRY ELEMENTS (KOHA)
Source of classification or shelving scheme Dewey Decimal Classification
Item type English Books
Call number suffix INT
Classification part 346.54048
Holdings
Withdrawn status Lost status Source of classification or shelving scheme Damaged status Not for loan Collection code Home library Current library Date acquired Source of acquisition Cost, normal purchase price Total Checkouts Full call number Barcode Date last seen Copy number Cost, replacement price Koha item type
    Dewey Decimal Classification   Not For Loan Non-fiction D.B.Act.Division D.B.Act.Division 01/10/2008 DBAD / PUB 1050.00   346.54048 INT EN-74621 01/10/2008 1 1050.00 English Books

© Delhi Public Library
Hit Counter
free hit counter